00698 2200265 4500001002100000005001700021008004100038020002200079035002400101040001500125082001400140084001400154100001600168245006500184250001000249260002900259300003200288500001600320504000800336650002000344700001100364990001900375990001900394990001900413INLIS00000000001473920170425144801.0  a978-979-29-4450-1 0010-101500000000473 aYogyakarta 2[23]a813 a813 Cho O aCHO PARK HA aOnly youbmy one and opnly. Itc/ Cho Park Ha; editor Ariata aCet.1 aYogyakartabSheilac2014 avii, 288 hlm.; 19 cmc19 cm aBibliografi a278 aFiksi Indonesia aAriata a210065-PD/B.15 a210066-PD/B.15 a210067-PD/B.15